Statistiken für Tischtennis Weltmeister (Herren-Doppel)

Klicken Sie hier um das Quiz zu spielen!

Allgemein

  • Dieses Quiz wurde 11 mal gespielt
  • Das Durchschnittsergebnis liegt bei 18 aus 114

Antwortstatistiken

JahrNationalitätSpieler% Korrekt
2011ChinaMa Long
100%
2019ChinaMa Long
100%
2011ChinaXu Xin
86%
2015ChinaXu Xin
86%
2017ChinaXu Xin
86%
2017ChinaFan Zhendong
71%
2023ChinaFan Zhendong
71%
2021SchwedenKristian Karlsson
71%
2021SchwedenMattias Falck
71%
1991SchwedenPeter Karlsson
71%
2023ChinaWang Chuqin
71%
2019ChinaWang Chuqin
71%
2005ChinaWang Hao
71%
2009ChinaWang Hao
71%
2015ChinaZhang Jike
71%
1989DeutschlandJörg Roßkopf
57%
2007ChinaMa Lin
43%
1989DeutschlandSteffen Fetzner
43%
2001ChinaWang Liqin
43%
2003ChinaWang Liqin
43%
2013TaiwanChuang Chih-Yuan
29%
1997ChinaKong Linghui
29%
1999ChinaKong Linghui
29%
2005ChinaKong Linghui
29%
1997ChinaLiu Guoliang
29%
1999ChinaLiu Guoliang
29%
1967SchwedenHans Alsér
14%
1969SchwedenHans Alsér
14%
1955TschechoslowakeiLadislav Štípek
14%
1957TschechoslowakeiLadislav Štípek
14%
1948TschechoslowakeiLadislav Štípek
14%
1995ChinaLü Lin
14%
1993ChinaLü Lin
14%
1939EnglandRichard Bergmann
14%
1991SchwedenThomas von Scheele
14%
1929UngarnVictor Barna
14%
1934UngarnVictor Barna
14%
1930UngarnVictor Barna
14%
1931UngarnVictor Barna
14%
1935UngarnVictor Barna
14%
1932UngarnVictor Barna
14%
1933UngarnVictor Barna
14%
1939EnglandVictor Barna
14%
1993ChinaWang Tao
14%
1995ChinaWang Tao
14%
1947TschechoslowakeiAdolf Šlár
0%
1928ÖsterreichAlfred Liebster
0%
1979JugoslawienAntun Stipančić
0%
1951TschechoslowakeiBohumil Váňa
0%
1947TschechoslowakeiBohumil Váňa
0%
1948TschechoslowakeiBohumil Váňa
0%
1937USABuddy Blattner
0%
1936USABuddy Blattner
0%
1981ChinaCai Zhenhua
0%
2013TaiwanChen Chien-An
0%
1987ChinaChen Longcan
0%
2007ChinaChen Qi
0%
2009ChinaChen Qi
0%
1926UngarnDániel Pécsi
0%
1979JugoslawienDragutin Šurbek
0%
1983JugoslawienDragutin Šurbek
0%
1953UngarnFerenc Sidó
0%
1950UngarnFerenc Sidó
0%
1950UngarnFerenc Soós
0%
1949TschechoslowakeiFrantišek Tokár
0%
1975UngarnGábor Gergely
0%
1956JapanIchirō Ogimura
0%
1959JapanIchirō Ogimura
0%
1975UngarnIstván Jónyer
0%
1971UngarnIstván Jónyer
0%
1955TschechoslowakeiIvan Andreadis
0%
1949TschechoslowakeiIvan Andreadis
0%
1951TschechoslowakeiIvan Andreadis
0%
1957TschechoslowakeiIvan Andreadis
0%
1938USAJames McClure
0%
1937USAJames McClure
0%
1936USAJames McClure
0%
1953UngarnJózsef Kóczián
0%
1967SchwedenKjell Johansson
0%
1969SchwedenKjell Johansson
0%
1973SchwedenKjell Johansson
0%
1961JapanKōji Kimura
0%
1977ChinaLiang Geliang
0%
1981ChinaLi Zhenshi
0%
1977ChinaLi Zhenshi
0%
1985SchwedenMikael Appelgren
0%
1929UngarnMiklós Szabados
0%
1930UngarnMiklós Szabados
0%
1931UngarnMiklós Szabados
0%
1932UngarnMiklós Szabados
0%
1934UngarnMiklós Szabados
0%
1935UngarnMiklós Szabados
0%
1961JapanNobuya Hoshino
0%
1952JapanNorikazu Fujii
0%
1928ÖsterreichRobert Thum
0%
1926UngarnRoland Jacobi
0%
1933UngarnSándor Glancz
0%
1938USASol Schiff
0%
1973SchwedenStellan Bengtsson
0%
1952JapanTadaaki Hayashi
0%
1959JapanTeruo Murakami
0%
1971UngarnTibor Klampár
0%
1985SchwedenUlf Carlsson
0%
1954JugoslawienVilim Harangozo
0%
1963ChinaWang Zhiliang
0%
1987ChinaWei Qingguang
0%
1965ChinaXu Yinsheng
0%
2001ChinaYan Sen
0%
2003ChinaYan Sen
0%
1956JapanYoshio Tomita
0%
1954JugoslawienŽarko Dolinar
0%
1963ChinaZhang Xielin
0%
1965ChinaZhuang Zedong
0%
1983JugoslawienZoran Kalinić
0%

Verteilung der Resultate

Perzentil nach korrekt beantworteten Fragen

Anzahl Personen mit jedem Resultat

Ihre Resultats-Entwicklung

Sie haben dieses Quiz noch nicht gespielt